Truth or Lie?--Sharks - Statistics

General Stats
  • This quiz has been taken 29 times
  • The average score is 6 of 10
Answer Stats
Question Answer % Correct
Can you nail down a LIE about hammerhead sharks? Hammerhead sharks often swim with screwdriver sharks.
95%
Which one of these is a LIE? The puff fin is kind of a shark fin.
77%
I spy another LIE nearby. The whale shark is dangerous to people.
73%
Can you uncover the LIE here? All sharks need to swim constantly in order to breathe.
64%
Which one is a LIE? Take a guess! Baby sharks are toothless at 1st.
64%
Look for the LIE. Sharks have eyes but no ears.
64%
Let's try another. Which is the LIE? A shark skeleton is made of bones.
55%
See if you can find the LIE here. A shark's skin is easily cut.
50%
My, what a big LIE! Can you find it? Sharks rarely loose teeth.
50%
See if you can spot our final LIE. Every year... More people are injured by sharks than sharks are injured by people.
45%
No matching quizzes found
Score Distribution
Percent of People with Each Score
Percentile by Number Answered
Your Score History
You have not taken this quiz